[Event "WGM"]
[Site "Punat CRO"]
[Date "2003.08.28"]
[Round "3"]
[White "Medic,Mir"]
[Black "Bogza,A"]
[Result "1/2-1/2"]
[WhiteElo "2271"]
[BlackElo "2289"]

1.d4 Nf6 2.c4 g6 3.Nf3 Bg7 4.g3 O-O 5.Bg2 d6 6.O-O Nbd7 7.Nc3 e5 8.h3 Re8
9.e4 exd4 10.Nxd4 Nc5 11.Re1 a5 12.Bf4 Nfd7 13.Be3 Ne5 14.b3 a4 15.Rb1 axb3
16.axb3 Ne6 17.f4 Nc6 18.Ndb5 Ne7 19.Rc1 Bd7 20.Re2 Bxb5 21.Nxb5 Nc6 22.Rd2 Qc8
23.Kh2 Nb4 24.Qf3 Nc5 25.Bxc5 dxc5 26.e5 f6 27.Qxb7 Qxb7 28.Bxb7 Rab8 29.Nxc7 Re7
30.Bd5+ Kh8 31.exf6 Rxc7 32.fxg7+ Kxg7 33.Bf3 Re8 34.Rc3 Rce7 35.Kg2 Re3
36.Rxe3 Rxe3 37.Rd7+ Kf6 38.Bd5 Nxd5 39.Rxd5 Rxb3 40.Rxc5 Rc3 41.g4 Ke6 42.Rc7 h5
43.Rc6+ Kf7 44.g5 h4 45.c5 Rg3+ 46.Kh2 Rf3 47.Rf6+ Kg7 48.c6 Rc3 49.Rd6 Kf7
50.f5 gxf5 51.Rh6 Kg7 52.Rxh4 Rxc6 53.Rf4 Kg6 54.h4 Rc3 55.Kg2 Ra3 56.Rf3 Ra4
57.Kg3 Rg4+ 58.Kh3 Kh5  1/2-1/2

[Event "1st League TCh-SCG"]
[Site "Budva SCG"]
[Date "2003.08.30"]
[Round "2"]
[White "Vulinovic,R"]
[Black "Ivanisevic,I"]
[Result "1/2-1/2"]
[WhiteElo "2224"]
[BlackElo "2563"]

1.Nf3 Nf6 2.g3 g6 3.Bg2 Bg7 4.d4 O-O 5.c4 d6 6.O-O c6 7.Nc3 Qa5 8.e4 e5 9.h3 Nbd7
10.Re1 exd4 11.Nxd4 Ne5 12.Bf1 Be6 13.Nxe6 fxe6 14.Kg2 Rad8 15.Qa4 Qb6 16.Be3 c5
17.Rab1 Qb4 18.f3 Nxf3 19.Kxf3 Nd7+ 20.Kg2 Bxc3 21.Qxb4 Bxb4 22.Red1 Ne5
23.Bg5 Rd7 24.Be2 Ba5 25.Bf4 Nf7 26.Be3 Rc8 27.h4 Kg7 28.Bg4 Re7 29.Bf4 Rc6
30.Rd3 h6 31.Be2 Bc7 32.b3 Rd7 33.Bd2 Ra6 34.Bc3+ Kg8 35.a4 Ba5 36.Ba1 e5
37.Rf1 Kg7 38.Bb2 Re7 39.Bc1 Nd8 40.Rdf3 Rc6 41.Rf6 Ne6 42.Bd1  1/2-1/2

[Event "Acropolis WGM"]
[Site "Athens GRE"]
[Date "2003.08.31"]
[Round "7"]
[White "Khurtsidze,N"]
[Black "Dembo,Y"]
[Result "0-1"]
[WhiteElo "2440"]
[BlackElo "2390"]

1.d4 Nf6 2.c4 g6 3.Nf3 Bg7 4.g3 O-O 5.Bg2 d6 6.Nc3 Nc6 7.O-O a6 8.b3 Bd7
9.Bb2 Rb8 10.a4 e5 11.d5 Ne7 12.c5 Ne8 13.b4 f5 14.Nd2 e4 15.Nc4 g5 16.Qd2 Ng6
17.f3 exf3 18.exf3 b5 19.axb5 axb5 20.Na5 dxc5 21.bxc5 b4 22.Nd1 Bb5 23.Bxg7 Nxg7
24.Re1 Qf6 25.Nb2 f4 26.Nbc4 Bxc4 27.Nxc4 fxg3 28.hxg3 Nf5 29.Ra7 Rbe8 30.Rxe8 Rxe8
31.Rxc7 Nxg3 32.d6 Ne2+ 33.Kf2 g4 34.Qh6 g3+ 35.Ke1 Qa1+ 36.Kd2 Qc1+  0-1

[Event "1st League TCh-SCG"]
[Site "Budva SCG"]
[Date "2003.08.31"]
[Round "3"]
[White "Drasko,M"]
[Black "Ivanisevic,I"]
[Result "1/2-1/2"]
[WhiteElo "2491"]
[BlackElo "2563"]

1.d4 Nf6 2.c4 g6 3.Nf3 Bg7 4.g3 O-O 5.Bg2 d6 6.O-O c6 7.Nc3 Qa5 8.e4 e5 9.h3 Nbd7
10.Qc2 b5 11.c5 dxc5 12.dxe5 Ne8 13.Be3 Nc7 14.Ne2 Ne6 15.Nf4 Nxe5 16.Nxe5 Bxe5
17.Nd3 Bd4 18.Bxd4 Nxd4 19.Qxc5  1/2-1/2

[Event "European GP"]
[Site "Izmir TUR"]
[Date "2003.09.02"]
[Round "8"]
[White "Goksel,D"]
[Black "Duman,A"]
[Result "1-0"]
[WhiteElo "2103"]
[BlackElo "2236"]

1.Nf3 Nf6 2.d4 g6 3.c4 Bg7 4.g3 O-O 5.Bg2 d6 6.O-O Nbd7 7.Nc3 e5 8.e4 exd4
9.Nxd4 Re8 10.Re1 Nc5 11.h3 a5 12.Rb1 a4 13.b4 axb3 14.axb3 h6 15.Kh2 Bd7
16.Bf4 g5 17.Bc1 g4 18.h4 Be6 19.Be3 Nfd7 20.b4 Na6 21.Nd5 Ne5 22.Qc2 c5
23.bxc5 Nxc5 24.Nf5 Bxf5 25.exf5 Ra4 26.f6 Rxc4 27.Qf5 Bf8 28.Qh5 Kh7 29.Bxc5 Rxc5
30.Rxe5 Rxe5 31.Qxf7+ Kh8 32.Rxb7  1-0

[Event "1st League TCh-SCG w"]
[Site "Budva SCG"]
[Date "2003.09.03"]
[Round "6"]
[White "Maric,A"]
[Black "Ivanisevic,Dusi"]
[Result "1/2-1/2"]
[WhiteElo "2433"]
[BlackElo "2097"]

1.d4 Nf6 2.Nf3 g6 3.c4 Bg7 4.g3 d6 5.Bg2 O-O 6.O-O c6 7.Nc3 Nbd7 8.e4 e5
9.b3 exd4 10.Nxd4 Re8 11.h3 Nc5 12.Re1 a5 13.Bf4 Qe7 14.Nc2 Rd8 15.Qd2 Ne8
16.Rad1 Be6 17.Nd4 a4 18.b4 Bxc4 19.Qc2  1/2-1/2

[Event "Polish Extraleague"]
[Site "Lubniewice POL"]
[Date "2003.09.04"]
[Round "6"]
[White "Zawadzki,S"]
[Black "Swicarz,M"]
[Result "1/2-1/2"]
[WhiteElo "2411"]
[BlackElo "2308"]

1.d4 Nf6 2.Nf3 g6 3.g3 Bg7 4.Bg2 O-O 5.c4 d6 6.O-O Nbd7 7.Nc3 c6 8.Qc2 Qc7
9.Rd1 e5 10.dxe5 dxe5  1/2-1/2

[Event "1st League TCh-SCG"]
[Site "Budva SCG"]
[Date "2003.09.05"]
[Round "7"]
[White "Blagojevic,D"]
[Black "Radovanovic,D"]
[Result "1-0"]
[WhiteElo "2538"]
[BlackElo "2319"]

1.Nf3 Nf6 2.c4 g6 3.d4 Bg7 4.g3 O-O 5.Bg2 d6 6.O-O Nbd7 7.Nc3 e5 8.h3 Re8
9.e4 exd4 10.Nxd4 a6 11.Be3 Rb8 12.b3 c5 13.Nde2 b5 14.Qxd6 b4 15.Na4 Nxe4
16.Bxe4 Rxe4 17.Rad1 Qe8 18.Nxc5 Rxe3 19.Nxd7 Bxd7 20.fxe3 Bxh3 21.Rf2 Be5
22.Qc5 Rc8 23.Qxb4 Bc7 24.Qc3 Bg4 25.Rd5 Qe6 26.Rc5 Bxe2 27.Rxe2 Qg4 28.Qe1 h5
29.Rg2 Rd8 30.Qe2 Rd1+ 31.Kf2 Qd7 32.Rd5 Rxd5 33.cxd5 Qxd5 34.Qxa6 Qf5+ 35.Kg1 Kg7
36.Qc4 Bb6 37.Rf2 Qd7 38.Kh2 Kg8 39.Qe4 f5 40.Qc4+ Kh7 41.Rc2 Qe7 42.Qf4 Qd7
43.e4 Qd4 44.exf5 Qg1+ 45.Kh3 g5 46.Qxg5 Qf1+ 47.Rg2 Qh1+ 48.Rh2 Qf1+ 49.Kh4 Qg1
50.Qxh5+ Kg7 51.Qg5+ Kf7 52.Rd2 Qh1+ 53.Kg4 Qe4+ 54.Qf4  1-0

[Event "1st League TCh-SCG"]
[Site "Budva SCG"]
[Date "2003.09.05"]
[Round "7"]
[White "Drasko,M"]
[Black "Popovic,Du"]
[Result "1-0"]
[WhiteElo "2491"]
[BlackElo "2438"]

1.d4 Nf6 2.c4 g6 3.Nf3 Bg7 4.g3 O-O 5.Bg2 d6 6.O-O Nc6 7.Nc3 a6 8.Bd2 e5
9.d5 Nd4 10.Ne1 Re8 11.Rc1 Bd7 12.e3 Nf5 13.e4 Nd4 14.Nd3 c5 15.dxc6 Bxc6
16.Be3 Nd7 17.Re1 a5 18.Nd5 Bxd5 19.cxd5 a4 20.Bh3 Re7 21.Kg2 Qb6 22.Bxd7 Rxd7
23.Rc4 Qb5 24.Rb4 Qa5 25.Bxd4 exd4 26.Rc4 Re7 27.Qc2 Qb5 28.f3 a3 29.b3 Rae8
30.Rc8 Qa5 31.Re2 h5 32.Rxe8+ Rxe8 33.Qc4 Kh7 34.Rc2 Re7 35.b4 Qa4 36.b5 Qa5
37.h3 Re8 38.g4 h4 39.Qb3 Ra8 40.Qc4 Qb6 41.f4 Ra5 42.e5 Qxb5 43.Qxb5 Rxb5
44.e6 fxe6 45.dxe6 Bf6 46.g5 Bxg5 47.fxg5 Rxg5+ 48.Kf3 Kg7 49.Rc7+ Kf8 50.Ke4 Rg2
51.Nf4 Rg1 52.Kd5 d3 53.Nxd3 Rd1 54.Ke4 d5+ 55.Ke3 g5 56.Ne5 Re1+ 57.Kd4 Rd1+
58.Nd3 Rd2 59.Rxb7 Rxa2 60.Ke5 Re2+ 61.Kf6 Kg8 62.Ne5 a2 63.Rg7+  1-0

[Event "1st League TCh-SCG"]
[Site "Budva SCG"]
[Date "2003.09.06"]
[Round "8"]
[White "Neverov,V"]
[Black "Nataf,IA"]
[Result "0-1"]
[WhiteElo "2566"]
[BlackElo "2549"]

1.d4 Nf6 2.c4 g6 3.Nf3 Bg7 4.g3 O-O 5.Bg2 d6 6.O-O Nc6 7.Nc3 Bf5 8.d5 Na5
9.Nd4 Bd7 10.b3 c5 11.dxc6 bxc6 12.Bb2 Qc8 13.Qd2 Bh3 14.e4 Bxg2 15.Kxg2 Rb8
16.f3 Nb7 17.Rab1 Nc5 18.Ba1 a5 19.Nce2 Qa6 20.Rfc1 Rfe8 21.Ng1 Rbd8 22.Rc2 e5
23.Nde2 Ne6 24.Re1 d5 25.exd5 cxd5 26.Bxe5 dxc4 27.Qc1 Nc5 28.Nf4 Nd3 29.Nxd3 cxd3
30.Bxf6 Rxe1 31.Qxe1 Bxf6 32.Rd2 Bc3 33.Qe7 Qc8 34.Rd1 Bb4  0-1

[Event "56th ch-RUS"]
[Site "Krasnoyarsk RUS"]
[Date "2003.09.06"]
[Round "4"]
[White "Zakhartsov,V"]
[Black "Iljin,A"]
[Result "1/2-1/2"]
[WhiteElo "2525"]
[BlackElo "2471"]

1.d4 Nf6 2.c4 g6 3.Nf3 Bg7 4.g3 O-O 5.Bg2 d6 6.Nc3 Nbd7 7.O-O e5 8.h3 Re8
9.e4 exd4 10.Nxd4 a6 11.Be3 Rb8 12.b3 c5 13.Nde2 b5 14.Qxd6 b4 15.Na4 Nxe4
16.Bxe4 Bxa1 17.Rxa1 Rxe4 18.Nxc5 Rxe3 19.fxe3 Qe8 20.Nxd7 Bxd7 21.Kh2 Rc8
22.Nd4 h5 23.Rf1 Rd8 24.Qf6 Bc8 25.Rf2 Qd7 26.g4 hxg4 27.hxg4 Re8 28.Rf3 Qc7+
29.Qf4 Qxf4+ 30.Rxf4 Rxe3 31.Nc6 a5 32.Nxa5 Re2+ 33.Kg3 Rxa2 34.Nc6 Bb7 35.Nd8 Ba8
36.Nxf7 Rb2 37.Kh4 Rxb3 38.Nh6+ Kg7 39.Rf7+ Kh8 40.Rf8+ Kg7 41.Rf7+ Kh8 42.Kg5 Be4
43.Rf8+ Kg7 44.Rg8+ Kh7 45.Re8 Bc2 46.Re7+ Kh8 47.Nf7+ Kg8 48.Ne5 Ra3 49.Nxg6 Bxg6
50.Kxg6 Ra6+ 51.Kh5 Rc6 52.Rb7 Rxc4 53.g5 Rc6  1/2-1/2

[Event "56th ch-RUS"]
[Site "Krasnoyarsk RUS"]
[Date "2003.09.06"]
[Round "4"]
[White "Vekshenkov,N"]
[Black "Dvoirys,S"]
[Result "0-1"]
[WhiteElo "2451"]
[BlackElo "2555"]

1.d4 Nf6 2.Nf3 g6 3.c4 Bg7 4.g3 O-O 5.Bg2 d6 6.Nc3 Nbd7 7.O-O e5 8.e4 exd4
9.Nxd4 Re8 10.h3 c6 11.Re1 a5 12.Bf4 Ne5 13.b3 Nfd7 14.Be3 Nc5 15.Re2 a4
16.f4 Qa5 17.fxe5 Qxc3 18.Rc1 Qd3 19.b4 dxe5 20.bxc5 Qxd1+ 21.Rxd1 exd4 22.Bxd4 Bxd4+
23.Rxd4 Ra5 24.Rb2 Rxc5 25.Rb4 Ra5 26.Rd3 a3 27.Rbb3 Be6 28.Rxa3 Rxa3 29.Rxa3 Bxc4
30.Ra4 b5 31.Ra6 b4 32.Rxc6 Bxa2 33.Rb6 b3 34.e5 Rxe5 35.Kf2 Kf8 36.Bf1 Rc5
37.Bd3 Ke7 38.Ke3 Kd7 39.Kd4 Rg5 40.Rb7+ Kc8 41.Rxf7 b2 42.Rxh7 b1=Q 43.Bxb1 Bxb1
44.h4 Rxg3 45.Ke5 Rf3 46.Kd6 Rf6+ 47.Ke7 Rf5 48.Rf7 Rh5 49.Rf4 Bf5 50.Rc4+ Kb7
51.Kd6 Kb6 52.Rb4+ Ka5 53.Rd4 Kb5 54.Rf4 Rh8 55.Kd5 Bd3 56.Rf3 Be2 57.Rb3+ Ka4
58.Re3 Bh5  0-1

[Event "LXXVII ch-ARG"]
[Site "Tres de Febrero ARG"]
[Date "2003.09.06"]
[Round "4"]
[White "Szmetan,J"]
[Black "Flores,Di"]
[Result "1/2-1/2"]
[WhiteElo "2408"]
[BlackElo "2439"]

1.Nf3 g6 2.d4 Nf6 3.g3 Bg7 4.Bg2 O-O 5.c4 d6 6.Nc3 c5 7.O-O Nc6 8.dxc5 dxc5
9.Be3 Be6 10.Qa4 Nd4 11.Rad1 Bd7 12.Qa3 Nc2 13.Qxc5 b6 14.Qg5 h6 15.Qf4 g5
16.Qe5 Rc8 17.Nd5 Nxd5 18.Qxd5 Nxe3 19.fxe3 Bc6 20.Qxd8 Rfxd8 21.b3 b5 22.Rd3 bxc4
23.bxc4 Be4 24.Rxd8+ Rxd8 25.Nd4 Bxd4 26.exd4 Rxd4 27.Rc1 Bxg2 28.Kxg2 Kf8
29.Kf2 Ke8 30.Ke3 Rd6 31.Rb1 Ra6 32.Rb2 Kd8 33.Kd4 Kc7 34.g4 h5 35.gxh5 Rh6
36.Rb3 Rxh5 37.Ra3 Kb7 38.h3 Rh4+ 39.Kc5 Rf4 40.Rb3+ Kc7 41.Rd3 Rf5+ 42.Kd4 Kb6
43.e4 Rf2 44.Rb3+ Kc6 45.Ra3 Rd2+ 46.Ke5 Kb7 47.Rf3 f6+ 48.Ke6 Rxa2 49.Kxe7 Re2
50.Kxf6 Rxe4 51.Kxg5 Rxc4 52.h4 a5  1/2-1/2

[Event "14th ch-NATO"]
[Site "Hoevelte DEN"]
[Date "2003.09.08"]
[Round "1"]
[White "Nielsen,Henr"]
[Black "Hammond,A"]
[Result "0-1"]
[WhiteElo "2039"]
[BlackElo "2232"]

1.d4 Nf6 2.Nf3 g6 3.c4 Bg7 4.g3 O-O 5.Bg2 d6 6.Nc3 c6 7.O-O Nbd7 8.e4 e5
9.dxe5 dxe5 10.Bg5 h6 11.Be3 Qe7 12.h3 Nc5 13.Qc2 Nh5 14.Nh4 Ne6 15.Rad1 Nhf4
16.Nf3 Nxg2 17.Kxg2 f5 18.Nh4 Nd4 19.Bxd4 exd4 20.Ne2 d3 21.Qxd3 fxe4 22.Qe3 g5
23.Ng6 Bxh3+ 24.Kg1 Qf7 25.Nxf8 Bxf1 26.Rxf1 Rxf8 27.Qxe4 Bxb2 28.Nd4 Re8
29.Qg4 Qxc4 30.Qd7 Qf7 31.Qg4 Qc4 32.Qd7 Qf7 33.Qg4 Bxd4 34.Qxd4 b6 35.Rc1 c5
36.Qd6 Re6 37.Qb8+ Re8 38.Qd6 Qe6 39.Qc7 Qe7 40.Qc6 Qe6 41.Qc7 Re7 42.Qb8+ Kg7
43.Rd1 Qxa2 44.Rd8 Qf7 45.Kf1 Qe6 46.Kg2 c4 47.Rh8 Qf7 48.Qd8 Rd7 49.Qb8 Rc7
50.Qd8 Rd7 51.Qb8 Re7 52.Qd8 Re5 53.Qb8 Re2 54.Kh3 Qf5+  0-1

[Event "1st League TCh-SCG w"]
[Site "Budva SCG"]
[Date "2003.09.09"]
[Round "11"]
[White "Ivanisevic,Dusi"]
[Black "Zozulia,A"]
[Result "1/2-1/2"]
[WhiteElo "2097"]
[BlackElo "2342"]

1.Nf3 Nf6 2.c4 g6 3.g3 Bg7 4.Bg2 d6 5.d4 O-O 6.O-O c6 7.Nc3 Qa5 8.h3 Qa6
9.Qd3 d5 10.cxd5 Qxd3 11.exd3 Nxd5 12.Nxd5 cxd5 13.Ne5 Rd8 14.b3 Nc6 15.Nxc6 bxc6
16.Ba3 Bxd4 17.Rac1 e5 18.Rxc6 Bb7 19.Rc7 Rab8 20.Rfc1 Bb6 21.Re7 Re8 22.Rd7 Red8
23.Re7 Re8 24.Rd7 Red8  1/2-1/2

[Event "TCh-CRO w"]
[Site "Rabac CRO"]
[Date "2003.09.09"]
[Round "3"]
[White "Medic,Mir"]
[Black "Jelica,M"]
[Result "1-0"]
[WhiteElo "2271"]
[BlackElo "2236"]

1.d4 Nf6 2.g3 g6 3.Bg2 Bg7 4.c4 d6 5.Nf3 O-O 6.Nc3 c6 7.O-O Qa5 8.e4 Bg4
9.h3 Bxf3 10.Bxf3 Nbd7 11.Rb1 e5 12.dxe5 dxe5 13.b4 Qc7 14.Qb3 Rfd8 15.Be3 Nf8
16.c5 Ne6 17.Ne2 Nd4 18.Nxd4 exd4 19.Bf4 Qe7 20.Bd6 Rxd6 21.cxd6 Qxd6 22.Bg2 Rd8
23.Qd3 b6 24.f4 Qe6 25.Rbc1 Nd7 26.e5 c5 27.a4 Bf8 28.b5 f6 29.exf6 Nxf6
30.f5 gxf5 31.Rce1 Ne4 32.Bxe4 fxe4 33.Rxe4 Qd5 34.Rg4+ Bg7 35.Rf5 Qe6 36.Rfg5 Rd7
37.Re4 c4 38.Qxd4 Rxd4 39.Rxe6 Kf7 40.Rc6 Bf8 41.Rf5+ Ke7 42.Rf4 Rd3 43.Rcxc4 Rxg3+
44.Kf2 Rg8 45.Rc7+ Ke6 46.Rxh7 Bc5+ 47.Kf3 Ra8 48.h4 a6 49.bxa6 Rxa6 50.h5 Bd6
51.Rh6+ Ke5 52.Rg6 Ra8 53.h6 Rh8 54.Rh4 Rf8+ 55.Ke2 Re8 56.Kd3 Rd8 57.Rh5+ Kf4  1-0

[Event "It"]
[Site "Poitou Charentes FRA"]
[Date "2003.09.10"]
[Round "5"]
[White "David,Vi"]
[Black "Gladyszev,O"]
[Result "1/2-1/2"]
[WhiteElo "2333"]
[BlackElo "2455"]

1.d4 Nf6 2.c4 g6 3.Nf3 Bg7 4.g3 O-O 5.Bg2 d6 6.O-O c6 7.Nc3 Nbd7 8.h3 e5
9.e4 Qb6 10.c5 dxc5 11.dxc5 Ne8 12.Be3 Nc7 13.Qc2 Ne6 14.Na4 Qb5 15.Rfd1  1/2-1/2

[Event "56th ch-RUS"]
[Site "Krasnoyarsk RUS"]
[Date "2003.09.11"]
[Round "8"]
[White "Iljin,A"]
[Black "Inarkiev,E"]
[Result "0-1"]
[WhiteElo "2471"]
[BlackElo "2582"]

1.d4 Nf6 2.Nf3 g6 3.c4 Bg7 4.g3 O-O 5.Bg2 d6 6.O-O Nc6 7.Nc3 a6 8.h3 Bd7
9.e4 e5 10.dxe5 dxe5 11.Be3 Qc8 12.Kh2 Be6 13.Qa4 h6 14.Rac1 g5 15.Nd2 g4
16.h4 Nd7 17.Nd5 Qb8 18.f4 gxf3 19.Nxf3 Bg4 20.Bh3 Bxh3 21.Kxh3 Re8 22.Nh2 Qc8
23.Rf5 Nd4 24.Bxd4 exd4 25.Ng4 c6 26.Nf4 Rxe4 27.Qc2 Qe8 28.Rf1 Re1 29.Nh5 Rxf1
30.Rxf1 Qe6 31.Qd3 Qxg4+  0-1

[Event "ch-Nordic"]
[Site "Aarhus DEN"]
[Date "2003.09.12"]
[Round "6"]
[White "Schandorff,L"]
[Black "Lie,K"]
[Result "1/2-1/2"]
[WhiteElo "2525"]
[BlackElo "2440"]

1.Nf3 Nf6 2.c4 g6 3.d4 Bg7 4.g3 O-O 5.Bg2 d6 6.O-O Nbd7 7.Nc3 e5 8.e4 a6
9.h3 b5 10.Qc2 c6 11.Rd1 Qe7 12.c5 dxc5 13.dxe5 Ne8 14.Bg5 Qe6 15.Be3 Qe7
16.a4 Nc7 17.Qd2 Nxe5 18.Nxe5 Bxe5 19.f4 Bd4 20.Bxd4 cxd4 21.Qxd4 Ne6 22.Qf2 b4
23.Ne2 Nc5 24.Nd4 Nxe4 25.Nxc6 Qe6 26.Qe3 Qxc6 27.Qxe4 Qxe4 28.Bxe4 Ra7 29.Bg2 a5
30.Rac1  1/2-1/2

[Event "TCh-CRO"]
[Site "Rabac CRO"]
[Date "2003.09.13"]
[Round "7"]
[White "Jankovic,A"]
[Black "Grabics,M"]
[Result "1-0"]
[WhiteElo "2373"]
[BlackElo "2316"]

1.d4 Nf6 2.Nf3 g6 3.g3 Bg7 4.c4 d6 5.Bg2 O-O 6.O-O Nbd7 7.Nc3 e5 8.e4 Re8
9.h3 exd4 10.Nxd4 Ne5 11.b3 Nfd7 12.Be3 Nc5 13.Qc2 a5 14.Rad1 c6 15.f4 Ned7
16.Nde2 Qe7 17.g4 f5 18.gxf5 gxf5 19.Ng3 Nf6 20.Bxc5 dxc5 21.e5 Ne4 22.Ncxe4 fxe4
23.Qxe4 Qh4 24.Kh2 a4 25.Rd2 axb3 26.axb3 Ra3 27.Rf3 Ra1 28.Rfd3 Bh6 29.Rf2  1-0

[Event "EYb18"]
[Site "Budva YUG"]
[Date "2003.09.14"]
[Round "2"]
[White "Gasthofer,A"]
[Black "Agaragimov,D"]
[Result "1-0"]
[WhiteElo "2412"]
[BlackElo "2245"]

1.Nf3 Nf6 2.g3 g6 3.c4 Bg7 4.d4 d6 5.Bg2 O-O 6.O-O Nc6 7.Nc3 a6 8.e3 Rb8
9.Qe2 e5 10.b3 Bg4 11.Qd2 Qc8 12.Bb2 Re8 13.dxe5 dxe5 14.Ng5 Rd8 15.Nd5 h6
16.Ne4 Nxe4 17.Bxe4 Qe6 18.Qc3 Rd7 19.f3 Bh3 20.Nf4 Nd4 21.Nxe6 Ne2+ 22.Kf2 Nxc3
23.Bxc3 Bxe6 24.Rfd1 Rxd1 25.Rxd1 f5 26.Bd5 Kf7 27.f4 c6 28.Bxe6+ Kxe6 29.c5 Re8
30.Bxe5 Bxe5 31.fxe5 Kf7 32.Rd7+ Re7 33.Rd8 Rxe5 34.b4 a5 35.a3 axb4 36.axb4 Re4
37.Rd7+ Re7 38.Rd4 Re4 39.Rxe4 fxe4 40.Ke2 Ke6 41.Kd2 h5 42.Kc3 Ke5 43.Kc4 g5
44.h3 g4 45.hxg4 hxg4 46.b5 Ke6 47.bxc6 bxc6 48.Kc3 Ke5 49.Kb3 Ke6 50.Ka4 Ke5
51.Ka5 Kd5 52.Kb6 Kc4 53.Kxc6 Kd3 54.Kd5 Kxe3 55.c6 Kf3 56.c7 e3 57.c8=Q e2
58.Qc1  1-0

[Event "EYb18"]
[Site "Budva YUG"]
[Date "2003.09.14"]
[Round "2"]
[White "Grachev,B"]
[Black "Manescu,T"]
[Result "1-0"]
[WhiteElo "2500"]
[BlackElo "2354"]

1.d4 Nf6 2.c4 g6 3.Nf3 Bg7 4.g3 O-O 5.Bg2 d6 6.Nc3 a6 7.O-O Nc6 8.b3 Bf5
9.Bb2 Ne4 10.Nd5 Bd7 11.Qc2 f5 12.Rad1 e6 13.Nc3 Nxc3 14.Bxc3 Qe7 15.Rfe1 e5
16.e3 e4 17.Nd2 Nd8 18.f3 exf3 19.Bxf3 Nc6 20.Qd3 Rae8 21.Re2 Nd8 22.Rf1 Bc6
23.Bxc6 Nxc6 24.Kg2 Bh6 25.Rf3 Rf7 26.b4 Nb8 27.Rff2 Nd7 28.e4 Bxd2 29.exf5 Be3
30.Rf3 Qg5 31.h4 Qh6 32.Rexe3 Rxe3 33.Rxe3 Rxf5 34.Re8+ Rf8 35.Re7 Rf7 36.Rxf7 Kxf7
37.Qf3+ Ke7 38.Qxb7 Qc1 39.Qe4+ Kd8 40.Qa8+ Ke7 41.Qe4+ Kd8 42.Qd3 Nf6 43.Bd2 Qb2
44.Kh3 Ne4 45.Qxe4 Qxd2 46.Qa8+ Ke7 47.Qc8 Qxd4 48.Qxc7+ Kf6 49.c5 dxc5 50.Qxc5 Qd7+
51.Kg2 Kg7 52.Qc3+ Kh6 53.a3 Qd5+ 54.Qf3 Qd2+ 55.Kh3 Qd7+ 56.Kg2 Qe6 57.Qf8+ Kh5
58.Qf4  1-0

[Event "TCh-CRO"]
[Site "Rabac CRO"]
[Date "2003.09.14"]
[Round "8"]
[White "Cvitan,O"]
[Black "Tratar,M"]
[Result "1/2-1/2"]
[WhiteElo "2546"]
[BlackElo "2455"]

1.d4 Nf6 2.Nf3 g6 3.c4 Bg7 4.g3 O-O 5.Bg2 d6 6.O-O c6 7.Nc3 Bf5 8.Ne1 Be6
9.b3 d5 10.cxd5 Nxd5 11.Bb2 Nxc3 12.Bxc3 Qc8 13.Rc1 Rd8 14.e3 Bh3 15.Qc2 Bxg2
16.Kxg2 Nd7 17.Nf3 Qc7 18.Rfd1 Rac8 19.e4 e6 20.Bd2 Qd6 21.Bg5 f6 22.Be3 Nb6
23.Nd2 Qe7 24.Nc4 Nxc4 25.Qxc4 Qe8 26.a4 a6 27.Qb4 Qf7 28.Qc4 Qe8 29.Qb4  1/2-1/2

[Event "EYb14"]
[Site "Budva YUG"]
[Date "2003.09.15"]
[Round "3"]
[White "Skjoldan,B"]
[Black "Sharafiev,A"]
[Result "0-1"]
[WhiteElo "2092"]
[BlackElo "2258"]

1.d4 Nf6 2.c4 g6 3.g3 Bg7 4.Bg2 O-O 5.Nf3 d6 6.O-O c5 7.Nc3 Nc6 8.d5 Na5
9.Nd2 a6 10.e4 Rb8 11.Qe2 b5 12.Rb1 Nd7 13.Nd1 Ne5 14.Ne3 Nexc4 15.Nexc4 bxc4
16.Nxc4 Bd7 17.Na3 Bb5 18.Nxb5 axb5 19.a3 Nb3 20.Be3 Qa5 21.Qc2 Qa4 22.Rfd1 Rfc8
23.Bf1 h5 24.f3 Bd4 25.Bxd4 Nxd4 26.Qxa4 bxa4 27.Kf2 Rb3 28.Rd3 Rcb8 29.Rxb3 Rxb3
30.f4 Rf3+ 31.Kg2 Re3 32.Kf2 Rf3+ 33.Kg2 h4 34.Bc4 Re3 35.Kf2 Rf3+ 36.Kg2 Kg7
37.Rd1 h3+ 38.Kxh3 Rf2 39.Rb1 f5 40.exf5 gxf5 41.Bf1 Nc2 42.Bb5 Ne3 43.Bxa4 Nf1
44.Kh4 Kh6 45.Rxf1 Rxh2+  0-1

[Event "EYg18"]
[Site "Budva YUG"]
[Date "2003.09.16"]
[Round "4"]
[White "Kursova,M"]
[Black "Andriasian,S"]
[Result "1-0"]
[WhiteElo "2264"]
[BlackElo "2160"]

1.d4 Nf6 2.Nf3 g6 3.c4 Bg7 4.g3 d6 5.Bg2 O-O 6.O-O Nbd7 7.Nc3 c6 8.e4 e5
9.h3 exd4 10.Nxd4 Re8 11.Be3 Nc5 12.Qc2 a5 13.Rad1 a4 14.Nxc6 bxc6 15.Bxc5 Be6
16.Bxd6 Bxc4 17.Rfe1 Qa5 18.Rd4 Bb5 19.e5 Rac8 20.Qd1 c5 21.Rd2 Nd7 22.f4 Nb6
23.Nxb5 Qxb5 24.Bf1 Qa5 25.Re3 Rc6 26.Rc2 Nc8 27.Rd3 Qb6 28.Kh2 Nxd6 29.Rxd6 Rxd6
30.Qxd6 Qxd6 31.exd6 Rd8 32.Bb5 Rxd6 33.Bxa4 Bd4 34.Kg2 Re6 35.Bb5 Re3 36.Bc4 Re1
37.a4 Ra1 38.b3 Kg7 39.Re2 Kf8 40.Kf3 f5 41.Re6 Bc3 42.g4 fxg4+ 43.hxg4 Rd1
44.Ra6 Rd4 45.f5 gxf5 46.gxf5 Bd2 47.f6 Rd8 48.Ke4 Bc3 49.Kf5 Re8 50.Be6 h5
51.Ra7 Rd8 52.Rh7  1-0

[Event "zt 2.4 w"]
[Site "Sao Paulo BRA"]
[Date "2003.09.19"]
[Round "1"]
[White "Morales Mendoza,L"]
[Black "Delai,P"]
[Result "1/2-1/2"]
[WhiteElo "2051"]
[BlackElo "2066"]

1.Nf3 Nf6 2.d4 g6 3.c4 Bg7 4.g3 O-O 5.Bg2 d6 6.O-O Nc6 7.d5 Na5 8.Nfd2 c5
9.a3 Nd7 10.Ra2 Qc7 11.b4 cxb4 12.axb4 Nxc4 13.Rc2 b5 14.Na3 Ndb6 15.Nxb5 Qd7
16.Nxa7 Rxa7 17.Nxc4 Nxc4 18.Rxc4 Qb5 19.Qb3 Ba6 20.Be3 Qxc4 21.Qxc4 Bxc4
22.Bxa7 Ra8 23.Rc1 Rxa7 24.Rxc4 Ra1+ 25.Bf1 Rb1 26.Rc8+ Bf8 27.Rb8 e6 28.e4 exd5
29.exd5 Kg7 30.Kg2 Be7 31.b5 Bf6 32.b6 Bd4 33.b7 Ba7 34.Rd8 Rxb7 35.Rxd6 Rb2
36.Bc4 Rxf2+ 37.Kh1 Rc2 38.Rc6 Bb8 39.Bb5 Rd2 40.Rb6 Be5 41.Rb7 h5 42.Be8 h4
43.Rxf7+ Kh6 44.gxh4 Rxh2+ 45.Kg1 Rd2  1/2-1/2

[Event "EYb14"]
[Site "Budva YUG"]
[Date "2003.09.22"]
[Round "9"]
[White "Skjoldan,B"]
[Black "Pacher,M"]
[Result "0-1"]
[WhiteElo "2092"]
[BlackElo "2060"]

1.d4 Nf6 2.c4 g6 3.g3 Bg7 4.Bg2 O-O 5.Nf3 d6 6.O-O c6 7.b3 Bg4 8.Nbd2 Re8
9.Bb2 Nbd7 10.h3 Bxf3 11.Bxf3 e5 12.Qc2 Qb6 13.e3 d5 14.cxd5 cxd5 15.dxe5 Nxe5
16.Bg2 Rac8 17.Qd1 Qe6 18.Kh2 Nd3 19.Bd4 Ne4 20.Bxg7 Kxg7 21.Bxe4 dxe4 22.Nc4 b5
23.Na3 a6 24.Nc2 Qe7 25.Nd4 Qa3 26.f3 exf3 27.Qxf3 Rc7 28.Kg1 Qe7 29.Rae1 Nxe1
30.Rxe1 Qe4 31.Qe2 Rce7 32.Kf2 Qd5 33.Qd2 Qh5 34.Qc3 Kg8 35.Kg2 Qh6 36.Nc2 Qf8
37.Re2 Re4 38.Nd4 Qd6 39.Kf2 Qf6+ 40.Ke1 Qg5 41.Kf2 Qh5 42.h4 Qg4 43.Nf3 Qh3
44.Re1 Rc8 45.Qd3 Re6 46.Qd7 Rc2+  0-1

[Event "ch-HUN w"]
[Site "Budapest HUN"]
[Date "2003.09.26"]
[Round "6"]
[White "Ignacz,M"]
[Black "Vajda,S"]
[Result "1/2-1/2"]
[WhiteElo "2191"]
[BlackElo "2403"]

1.d4 Nf6 2.c4 g6 3.Nf3 Bg7 4.g3 O-O 5.Bg2 d6 6.O-O c6 7.Nc3 Qa5 8.Re1 e5
9.e4 Bg4 10.Be3 Nbd7 11.h3 Bxf3 12.Bxf3 exd4 13.Bxd4 Ne5 14.Bxe5 Qxe5 15.Qb3 Qc5
16.Na4 Qa5 17.Rad1 Nd7 18.Bg2 Rab8 19.Re2 b5 20.cxb5 Rxb5 21.Qc2 Nc5 22.Nc3 Bxc3
23.Qxc3 Qc7 24.b3 Ne6 25.Red2 Rd8 26.h4 d5 27.exd5 cxd5 28.Qxc7 Nxc7 29.Rd4 Kf8
30.b4 a5 31.a3 axb4 32.axb4 Rdb8 33.Bxd5 Nxd5 34.Rxd5 Rxd5 35.Rxd5 Rxb4 36.Rd7 Kg7
37.Ra7 h5 38.Kg2 Rb3 39.Ra6  1/2-1/2

[Event "ch-HUN w"]
[Site "Budapest HUN"]
[Date "2003.09.27"]
[Round "7"]
[White "Goczo,M"]
[Black "Ignacz,M"]
[Result "1/2-1/2"]
[WhiteElo "2262"]
[BlackElo "2191"]

1.d4 Nf6 2.c4 g6 3.Nf3 Bg7 4.g3 O-O 5.Bg2 d6 6.O-O Nbd7 7.Nc3 a6 8.Re1 Rb8
9.e4 c5 10.h3 cxd4 11.Nxd4 Nc5 12.Be3 Bd7 13.Qd2 b5 14.b4 Ne6 15.cxb5 axb5
16.Rac1 Nxd4 17.Bxd4 Be6 18.Nd5 Bxd5 19.exd5 Qd7 20.Rc6 Rfc8 21.Qe3 Re8 22.Qc3 e5
23.Bb6 e4 24.Qd2 Re5 25.Qc2 Nxd5 26.Ba5 Ne7 27.Rc7 Qe6 28.Rxe4 d5 29.Rxe5 Bxe5
30.Rxe7 Qxe7 31.Bxd5 Bd6 32.Qb3 Qa7 33.Kg2 Rc8 34.Qf3 Rc2 35.Bb6 Qe7 36.a3 Be5
37.Qd3 Rc3 38.Qxb5 Rxa3 39.Bc5 Bd6 40.Bd4 Ra7 41.Bxa7 Qxa7 42.Qe8+ Kg7 43.b5 Qe7
44.Qc6 Qc7 45.Qe8 Qe7 46.Qxe7 Bxe7 47.b6 Bd6 48.Kf3 Kf6 49.Ke4 Bc5 50.b7 Bd6
51.Kd4 Ke7 52.Kc4 f6 53.Kb5 Bb8 54.Kc6  1/2-1/2

[Event "2nd League TCh-SCG"]
[Site "Belgrade SCG"]
[Date "2003.09.29"]
[Round "3"]
[White "Arsovic,G"]
[Black "Smolovic,M"]
[Result "1/2-1/2"]
[WhiteElo "2423"]
[BlackElo "2388"]

1.d4 Nf6 2.Nf3 d6 3.c4 g6 4.g3 Bg7 5.Bg2 O-O 6.O-O Nbd7 7.Nc3 e5 8.e4 c6
9.b3 Re8 10.h3 a6 11.Be3 exd4 12.Nxd4 Nc5 13.Qc2 Qe7 14.Rae1 Bd7 15.Bc1 Nh5
16.Rd1 b5  1/2-1/2

[Event "ECC"]
[Site "Rethymnon GRE"]
[Date "2003.10.01"]
[Round "4"]
[White "Helgason,R"]
[Black "Bitansky,I"]
[Result "1/2-1/2"]
[WhiteElo "2336"]
[BlackElo "2378"]

1.d4 Nf6 2.c4 g6 3.g3 Bg7 4.Bg2 O-O 5.Nf3 d6 6.Nc3 Nc6 7.O-O a6 8.Re1 Re8
9.d5 Na5 10.Qd3 c5 11.Bg5 Rb8 12.Rab1 b5 13.b3 h6 14.Bxf6 bxc4 15.bxc4 Rxb1
16.Rxb1 Bxf6 17.Na4 Bg5 18.Nd2 Qc7 19.h3 Bd7 20.Nb6  1/2-1/2